Construction contracts (Record no. 113101)
[ view plain ]
| 000 -LEADER | |
|---|---|
| fixed length control field | 00951cad a22002055a 4500 |
| 001 - CONTROL NUMBER | |
| control field | L154679 |
| 008 - FIXED-LENGTH DATA ELEMENTS--GENERAL INFORMATION | |
| fixed length control field | 120112s2011 xxkqr p 0 a0eng u |
| 035 ## - SYSTEM CONTROL NUMBER | |
| System control number | (Sirsi) u154679 |
| 041 0# - LANGUAGE CODE | |
| Language code of text/sound track or separate title | eng |
| 110 2# - MAIN ENTRY--CORPORATE NAME | |
| Corporate name or jurisdiction name as entry element | CMS Cameron McKenna |
| 9 (RLIN) | 5874 |
| 245 00 - TITLE STATEMENT | |
| Title | Construction contracts |
| Remainder of title | no implied obligation to "get on with it" |
| Medium | [electronic resource] |
| 260 ## - PUBLICATION, DISTRIBUTION, ETC. | |
| Place of publication, distribution, etc. | London |
| Name of publisher, distributor, etc. | CMS Cameron McKenna |
| Date of publication, distribution, etc. | 2011 |
| 520 ## - SUMMARY, ETC. | |
| Summary, etc. | Discusses an issue that regularly crops-up in practice, but rarely before the courts: whether a contractor is subject to an obligation to progress its works in a "regular and diligent" or similar manner, and if so what this actually means. |
| 590 ## - LOCAL NOTE (RLIN) | |
| Local note | KA |
| 651 #4 - SUBJECT ADDED ENTRY--GEOGRAPHIC NAME | |
| Geographic name | England and Wales |
| Chronological subdivision | 1543- |
| 690 ## - LOCAL SUBJECT ADDED ENTRY--TOPICAL TERM (OCLC, RLIN) | |
| Topical term or geographic name as entry element | Procurement-old |
| 690 ## - LOCAL SUBJECT ADDED ENTRY--TOPICAL TERM (OCLC, RLIN) | |
| Topical term or geographic name as entry element | Contracts |
| 9 (RLIN) | 6232 |
| 856 40 - ELECTRONIC LOCATION AND ACCESS | |
| Uniform Resource Identifier | <a href="https://www.law-now.com/DirectMail/%7BF2F235D9-7834-4DBB-A5B6-D2CB8DC66F8E%7D_constructionobligationdec11.htm">https://www.law-now.com/DirectMail/%7BF2F235D9-7834-4DBB-A5B6-D2CB8DC66F8E%7D_constructionobligationdec11.htm</a> |
| Public note | View the article free of charge at law-now.com |
| 942 ## - ADDED ENTRY ELEMENTS (KOHA) | |
| Suppress in OPAC | 0 |
| Withdrawn status | Lost status | Source of classification or shelving scheme | Damaged status | Not for loan | Home library | Current library | Shelving location | Date acquired | Total Checkouts | Full call number | Barcode | Date last seen | Copy number | Price effective from | Koha item type |
|---|---|---|---|---|---|---|---|---|---|---|---|---|---|---|---|
| Dewey Decimal Classification | Virtual | Virtual | Online | 12/01/2012 | ONLINE PUBLICATION | 154679-2001 | 06/08/2019 | 1 | 06/08/2019 | Book |